| 000 | 00601nam a2200193 4500 | ||
|---|---|---|---|
| 001 | 145451 | ||
| 003 | ES-MaACL | ||
| 005 | 20230906201232.0 | ||
| 007 | t| | ||
| 008 | 070214s1969 sp r ||||1| spa d | ||
| 100 | 1 |
_aSpens, Willy de. _9107695 |
|
| 245 | 1 | 4 |
_aLas gacelas reales de Arabia / _cWilly de Spens ; versión de Julio Gómez de la Serna. |
| 250 | _a1ª. ed. | ||
| 260 |
_aBarcelona : _bLuis de Caralt, _c1969. |
||
| 300 |
_a388 p. : _bil. ; _c20 cm. |
||
| 700 | 1 |
_aGómez de la Serna, Julio, _d1895-1983 _957899 |
|
| 852 |
_aES-MaACL _jC-39649 _bR.70568 |
||
| 999 |
_c145451 _d145451 |
||